Outliers : (Registro nro. 10675)

Detalles MARC
000 -LIDER
fixed length control field 01101nam a22002657a 4500
001 - NÚMERO DE CONTROL
Identificador de número de control 000350
003 - IDENTIFICACDOR DE NÚMERO DE CONTROL
control field DO-SdBNP
005 - DATE AND TIME OF LATEST TRANSACTION
control field 20171108130544.0
007 - CAMPOS FIJOS DE DESCRIPCIÓN FÍSICA
fixed length control field 000350
008 - ELEMENTOS DE LONGITUD FIJA
fixed length control field 160705b 2008 nyu xxu||||| |||| 00| 0 spa d
020 ## - ISBN
International Standard Book Number 9780316036696
040 ## - FUENTE DE CATALOGACIÓN
Agencia que crea de manera original el registro BPMSU
Idioma de catalogación spa
Agencia que realiza la transcripción BPMSU
082 #4 - NÚMERO DE CLASIFICACIÓN DECIMAL DE DEWEY
Classification number 158.1
Item number G543o
100 1# - ASIENTO PRINCIPAL -- NOMBRE PERSONAL
Nombre personal Gladwell, Malcolm
Fechas asociadas con el nombre 1963-
245 10 - MENCIÓN DE TITULO
Título Outliers :
Subtítulo the story of success /
Mención de responsabilidad Malcolm Gladwell.
260 0# - PUBLICACIÓN, DISTRIBUCIÓN, ETC. (PIE DE IMPRENTA)
Lugar de publicación, distribución, etc New York :
Nombre del editor, distribuidor, etc. Little, Brown and Co.,
Fecha de publicación, distribución, etc 2008.
300 ## - DESCRIPCIÓN FÍSICA
Extensión 309 p. :
Otros detalles físicos il. ;
Dimensiones 21 cm.
500 ## - NOTA GENERAL
Nota general Contiene referencias bibliográficas y notas al pie de las páginas
504 ## - NOTA DE BIBLIOGRAFÍA, ETC.
Bibliography, etc Introduction: The Roseto mystery -- Opportunity. The Matthew effect (Matthew 25:29) ; The 10,000 hour rule ; The trouble with geniuses ; The three lessons of Joe Flom -- Legacy. Harlan, Kentucky ; The ethnic theory of plane crashes ; Rice paddies and math tests ; Marita's bargain ; A Jamaican story.
650 #4 - ENCABEZAMIENTO DE MATERIA--TEMÁTICO
Término temático o nombre geográfico como elemento de entrada EXITO
910 ## - VALIDACIÓN
Validación Validado. Control de calidad MFF
942 ## - ADDED ENTRY ELEMENTS (KOHA)
Source of classification or shelving scheme Dewey Decimal Classification
Koha item type Libros
945 ## - INFORMACIÓN DE PROCESAMIENTO LOCAL
Información de procesamiento local Inventariado, 2017/MFF
956 ## - LOCAL ELECTRONIC LOCATION AND ACCESS (OCLC)
Método de acceso LOPEREZ
Materiales especificados 10
Enlace 20160705
Campo enlazado y núm. de secuencia BPMSU
Nombre de host 00041
Existencias
Withdrawn status Lost status Source of classification or shelving scheme Damaged status Not for loan Collection code Home library Current library Date acquired Source of acquisition Total Checkouts Full call number Barcode Date last seen Price effective from Koha item type
    Dewey Decimal Classification     Colección General Biblioteca Pública Metropolitana Salomé Ureña Biblioteca Pública Metropolitana Salomé Ureña 07/05/2016 Roberto Antonio Férnandez   158.1 G543o BPMSU16070057 07/05/2016 07/05/2016 Libros